000 00341nam a2200133Ia 4500
999 _c10834
_d10834
008 191201s2011 xx 000 0 und d
082 _a070.92
_bKAT
100 _aKAMATH, M.V.
245 0 _aThe Journalist's Handbook
260 _aNew Delhi
_bVikas Pub
_c2020
300 _a311
650 _aBachelor of Mass Communication
942 _2ddc
_cBK